Tapasztalatok az Európai Monetáris egyesüléssel kapcsolatosan

Elmentve itt :
Bibliográfiai részletek
Szerző: Megyesi Dénes István
További közreműködők: Szegő Szilvia (Témavezető)
Dokumentumtípus: Szakdolgozat
Megjelent: 2010
Tárgyszavak:
Online Access:http://diploma.bibl.u-szeged.hu/41824
LEADER 00571nta a2200157 i 4500
001 dipl41824
005 20140321081245.0
008 140319s2010 hu om 0|| hun d
040 |a SZTE Diploma Repozitórium  |b hun 
041 |a hun 
100 1 |a Megyesi Dénes István 
245 1 0 |a Tapasztalatok az Európai Monetáris egyesüléssel kapcsolatosan  |h [elektronikus dokumentum] /  |c Dénes István Megyesi 
260 |c 2010 
650 4 |a Gazdaságtudományok 
700 1 |a Szegő Szilvia  |e ths 
856 4 0 |u http://diploma.bibl.u-szeged.hu/id/eprint/41824/1/szakdolgozat.pdf  |z Dokumentum-elérés